| 000 | 00475nam a22001817a 4500 | ||
|---|---|---|---|
| 999 |
_c7854 _d7854 |
||
| 003 | OSt | ||
| 005 | 20220328112111.0 | ||
| 008 | 220328b ||||| |||| 00| 0 eng d | ||
| 020 | _a978195211290 | ||
| 040 | _cDDC | ||
| 082 | _a362.5 WOR 2001 | ||
| 100 |
_aThe world Bank _96272 |
||
| 245 |
_aWorld Development Report _b: attacking poverty |
||
| 260 |
_aNewyork _b: Oxford university _c, C 2001 |
||
| 300 |
_axiv,335p. _c; 27 cm |
||
| 504 | _aBibliography | ||
| 942 |
_2ddc _cBOOK |
||